Revitalizácia verejného priestoru a objektov občianskej vybavenosti Žilina - Vlčince

Salvato in:
Dettagli Bibliografici
Autore principale: Horecký, Samuel (Autore)
Altri autori: Vojteková, Eva (Relatore della tesi)
Natura: Manoscritto Libro
Lingua:slovacco
Pubblicazione: 2025
Soggetti:
Accesso online:http://is.stuba.sk/zp/portal_zp.pl?podrobnosti=185685
Tags: Aggiungi Tag
Nessun Tag, puoi essere il primo ad aggiungerne!!

MARC

LEADER 00000ntm a22000003a 4500
001 stuzp104588
003 SK-STU
005 20250607210628.8
007 ta
008 150427s2015----xo-----f-mn---000-0-slo-d
040 |a STU  |b slo 
041 0 |a slo 
100 1 |a Horecký, Samuel  |u 054140  |4 aut  |U FAD Fakulta architektúry a dizajnu  |T FAD Ústav konštrukcií v architektúre a inžinierskych stavieb  |X 103745  |U A4140  |Y 395  |7 103745 
242 0 1 |a Revitalization of public space and civic facilities in Žilina - Vlčince  |y eng 
245 1 0 |a Revitalizácia verejného priestoru a objektov občianskej vybavenosti Žilina - Vlčince 
260 |c 2025 
650 4 |a revitalization  |2 eng 
650 4 |a refurbishment  |2 eng 
650 4 |a extension  |2 eng 
650 4 |a vertical  |2 eng 
650 4 |a obnova  |2 slo 
650 4 |a nadstavba  |2 slo 
650 4 |a konverzia  |2 slo 
650 4 |a revitalizácia  |2 slo 
650 4 |a vertikálna  |2 slo 
700 1 |a Vojteková, Eva  |u 054140  |k Z1  |4 ths  |U FAD Fakulta architektúry a dizajnu  |T FAD Ústav konštrukcií v architektúre a inžinierskych stavieb  |X 333  |U A4140  |Y 395  |7 A000000333 
856 4 |u http://is.stuba.sk/zp/portal_zp.pl?podrobnosti=185685